00786nam a2200205 a 450000100100000000500170001000800410002702000180006804000250008608200210011110000320013224501280016425000110029226000360030330000210033950100610036050100640042174000460048574000490053100003601220200930074811.0111123s2011 dr 000 0 spa d a9789945004700 aDO-SdBNPbspacBNPHU axxxbS715m, 20111 aSosa Sosa, Diego A.,d1966-10aMi binomio :b¿Forastero Yo? una historia de cambios ; Click ¿Quién tiene el control de tu vida? /cDiego A. Sosa Sosa. a2a ed. aSanto Domingo :bBúho,c2011. a248 p. ;c23 cm. aPublicado con: ¿Forastero y yo? Una historia de cambios aPublicado con: Click ¿Quién tiene el control de tu vida?12a¿Forastero y yo? Una historia de cambios02aClick ¿Quién tiene el control de tu vida?